Teoría y realidad en Marx, Durkheim y Weber /
Guardado en:
| Autor principal: | |
|---|---|
| Otros Autores: | |
| Formato: | Texto |
| Publicado: |
México D.F:
Juan Pablos Editor
|
| Edición: | 4 |
| Etiquetas: |
Agregar Etiqueta
Sin Etiquetas, Sea el primero en etiquetar este registro!
|
MARC
| LEADER | 00000 a a2200000 04500 | ||
|---|---|---|---|
| 001 | 24657 | ||
| 003 | |||
| 040 | |||
| 020 | |a 968-6039-00-7 | ||
| 090 | |a 169900 | ||
| 100 | |a Bravo, Víctor | ||
| 245 | |a Teoría y realidad en Marx, Durkheim y Weber / |c Víctor Bravo | ||
| 250 | |a 4 | ||
| 260 | |a México D.F: |b Juan Pablos Editor | ||
| 300 | |a 159 p | ||
| 700 | |a Díaz Polanco, Héctor |a Michel, Marco | ||
| 999 | |c 15820 |d 15820 | ||



